Efektivní bezpečnostní strategie v bankách stále chybí bezpečnost IT a IS v bankách a finančních institucích

Nové druhy rizík v činnosti bánk po zavedení informačných technológií. Bezpečnostná architektúra a stratégia. Bezpečnostná politika. Úroveň bezpečnosti informačných bankových systémov v zahraničí.

Salvato in:
Dettagli Bibliografici
Autore principale: Marťák, Pavel
Natura: Capitolo di libro
Lingua:ceco
Soggetti:
Tags: Aggiungi Tag
Nessun Tag, puoi essere il primo ad aggiungerne!!

MARC

LEADER 00000naa a2200000 4500
001 r041875
005 20231004072046.2
041 0 |a cze 
044 |a CZ 
245 1 0 |a Efektivní bezpečnostní strategie v bankách stále chybí  |b bezpečnost IT a IS v bankách a finančních institucích  |c Pavel Marťák 
520 |a Nové druhy rizík v činnosti bánk po zavedení informačných technológií. Bezpečnostná architektúra a stratégia. Bezpečnostná politika. Úroveň bezpečnosti informačných bankových systémov v zahraničí. 
610 2 0 |a banky 
610 2 0 |a bezpečnosť 
610 2 0 |a bezpečnosť informačná 
610 2 0 |a technológie informačné 
610 2 0 |a systémy informačné 
610 2 0 |a ochrana dát 
100 1 |a Marťák, Pavel